000 00525nam a2200121Ia 4500
008 220615s9999||||xx |||||||||||||| ||und||
100 _aNowsheen, Somaira||Aziz, Khaled||Aziz, Asef||Georgakilas, Alexandros G
245 0 _aChapter Breast Cancer- It’s All in the DNA
546 _aEnglish[eng]
650 _aEarth sciences, geography, environment, planning
856 _uhttps://library.oapen.org/bitstream/20.500.12657/49137/1/48189.pdf||https://library.oapen.org/bitstream/20.500.12657/49137/1/48189.pdf
942 _cEB
999 _c14249
_d14249